Statistiques concernant Drapeaux aux couleurs pan-africaines

Cliquez ici pour prendre le quiz!

Statistiques générales

  • Ce quiz a été pris 119 fois
  • Le résultat moyen est 15 sur 17

Statistiques - réponses

Réponse% Correct
Éthiopie
94%
Cameroun
93%
Sénégal
93%
Ghana
92%
Mali
90%
Burkina Faso
89%
Mauritanie
89%
Togo
89%
Centrafrique
87%
Mozambique
86%
Guinée
84%
Malawi
84%
Bénin
83%
Congo
82%
Zimbabwe
82%
Guinée-Bissau
77%
Sao-Tomé-et-Principe
66%

Distribution des résultats

Percentile par nombre de réponses

% des personnes avec chaque résultat

Votre développement - résultats

Vous n’avez pas pris ce quiz